000
00303nam a22001337a 4500
008
170324b xxu||||| |||| 00| 0 eng d
020
_a
2900135029809
041
_a
eng
080
_2
9TH
_a
615.83
100
_a
8
101
_a
SHM
245
_a
THE CAREER FITNESS PROGRAM
_c
SUKIENNIK. D
942
_2
udc
_c
BK
999
_c
8631
_d
8631